[Event "Independence Cup A"]
[Site "Kyiv UKR"]
[Date "2007.08.13"]
[Round "1"]
[White "Matorin,E"]
[Black "Nazarian,A"]
[Result "1-0"]
[WhiteElo "2259"]
[BlackElo "1975"]

1.Nf3 d5 2.c4 e6 3.b3 Nf6 4.g3 Be7 5.Bg2 O-O 6.O-O c5 7.cxd5 exd5 8.d4 Nc6
9.Bb2 Re8 10.dxc5 Bxc5 11.e3 Bf5 12.Nc3 Nb4 13.Na4 Bf8 14.a3 Nc2 15.Ra2 Rc8
16.Nh4 Qd7 17.Bxf6 gxf6 18.Nxf5 Qxf5 19.e4 Qe5 20.Rxc2 Rxc2 21.Qxc2 Bxa3
22.Qa2 Bb4 23.Nb2 dxe4 24.Nc4 Qd4 25.Ne3 Bc5 26.Qe2  1-0

[Event "Acropolis Open"]
[Site "Athens GRE"]
[Date "2007.08.14"]
[Round "1"]
[White "Macieja,B"]
[Black "Lauridsen,Jesper"]
[Result "1-0"]
[WhiteElo "2596"]
[BlackElo "2223"]

1.Nf3 d5 2.c4 e6 3.g3 Nf6 4.Bg2 c5 5.O-O Nc6 6.cxd5 exd5 7.d4 Be7 8.Be3 c4
9.b3 cxb3 10.Qxb3 O-O 11.Bg5 Bg4 12.e3 Ne4 13.Bxe7 Qxe7 14.Qxd5 Rfd8 15.Qb3 Bxf3
16.Bxf3 Rac8 17.Bxe4 Qxe4 18.Qxb7 f5 19.Nd2 Qe8 20.Rfc1 f4 21.gxf4 Rd6 22.Kh1 Rb8
23.Qc7 Rg6 24.d5 Nb4 25.d6 Qb5 26.d7 Nd3 27.d8=Q+ Rxd8 28.Qxd8+ Kf7 29.Qc7+ Ke8
30.Qc8+ Ke7 31.Rc7+ Kd6 32.Ne4+ Kd5 33.Qf5+  1-0

[Event "Independence Cup A"]
[Site "Kyiv UKR"]
[Date "2007.08.14"]
[Round "2"]
[White "Bidkova,V"]
[Black "Julin,A"]
[Result "1/2-1/2"]
[WhiteElo "2044"]
[BlackElo "2236"]

1.Nf3 d5 2.c4 d4 3.b4 g6 4.d3 Bg7 5.g3 e5 6.Bg2 Nd7 7.Bb2 Ngf6 8.Nbd2 h6
9.O-O O-O 10.a3 Qe7 11.Ne1 a5 12.Nc2 Nb6 13.Rb1 Na4 14.Ba1 Nc3 15.Bxc3 dxc3
16.Ne4 Nxe4 17.dxe4 Be6 18.Qd3 axb4 19.axb4 Ra2 20.Qxc3 c6 21.Ra1 Rfa8 22.Rxa2 Rxa2
23.Ra1 Rxa1+ 24.Nxa1 Qd6 25.Nb3 Qd1+ 26.Bf1 b5 27.Nd2 Bh3 28.cxb5 cxb5 29.Qd3 Bf8
30.Qxb5  1/2-1/2

[Event "17th Chess Festival"]
[Site "Abu Dhabi UAE"]
[Date "2007.08.15"]
[Round "4"]
[White "Hilwani,T"]
[Black "Mamedjarova,Z"]
[Result "0-1"]
[WhiteElo "2293"]
[BlackElo "2384"]

1.Nf3 d5 2.c4 e6 3.g3 Nf6 4.Bg2 dxc4 5.Na3 Be7 6.O-O O-O 7.Nxc4 b6 8.Nfe5 Nd5
9.Qb3 a5 10.d4 a4 11.Qc2 Bb7 12.a3 c5 13.dxc5 Bxc5 14.Rd1 Qe7 15.Nd3 Rc8
16.e4 Bd4 17.Qe2 Nf6 18.Nb4 Bc5 19.e5 Ne8 20.Bg5 Qc7 21.Nd6 Nxd6 22.exd6 Qd7
23.Bxb7 Qxb7 24.Rac1 Nd7 25.Rc4 h6 26.Be7 Bxb4 27.Rxb4 Ra5 28.Rb5 Qa6 29.Re5 Nxe5
30.Qxa6 Rxa6 31.d7 Nxd7 32.Rxd7 Rc2 33.h4 h5  0-1

[Event "Petrovskaya Ladya GM"]
[Site "Peterhof RUS"]
[Date "2007.08.15"]
[Round "4"]
[White "Lovkov,R"]
[Black "Khruschiov,A"]
[Result "1-0"]
[WhiteElo "2435"]
[BlackElo "2454"]

1.Nf3 d5 2.c4 e6 3.g3 c6 4.d4 dxc4 5.Bg2 b5 6.O-O Bb7 7.a4 Nd7 8.e4 a6 9.Re1 c5
10.d5 e5 11.Nc3 Qb6 12.axb5 axb5 13.Rxa8+ Bxa8 14.Bf1 Bb7 15.Bd2 Ba6 16.Qa1 Ngf6
17.Qa2 Bd6 18.Ra1 Nb8 19.Bg5 Nfd7 20.Bh3 h6 21.Be3 Nf6 22.Nd2 O-O 23.b3 cxb3
24.Nxb3 Bc8 25.Bf1 Ng4 26.Nxb5 Nxe3 27.fxe3 c4 28.Bxc4 Qxe3+ 29.Qf2 Qxf2+
30.Kxf2 Be7 31.Kg2 Nd7 32.Ra7 Bb4 33.Rc7 Nb6 34.Na7 Bg4 35.Bd3 Ra8 36.Rb7 Bf8
37.h3 Bh5 38.Na5 Bg6 39.Rxb6 Rxa7 40.Nb7 Ra4 41.Kf3 Rd4 42.Ke3 Ba3 43.Rc6 Bb4
44.Rc4 Rxc4 45.Bxc4 Kf8 46.d6 f5 47.d7 Be7 48.d8=Q+ Bxd8 49.Nxd8 fxe4 50.Nc6 Bf5
51.h4 Ke8 52.Nxe5 Ke7 53.Nc6+ Kf6 54.Nd4 Bh7 55.Bd5 Ke5 56.Bc6 Bg8 57.Bxe4 Bc4
58.Nf3+ Kf6 59.Kf4 Ba2 60.g4 Bf7 61.g5+ hxg5+ 62.hxg5+ Ke7 63.Ke5 Be8 64.Nd4 Bh5
65.Ne6 Kf7 66.Nf4 Bg4 67.Bf5 Bd1 68.Be6+ Ke7 69.Ng6+ Ke8 70.Kd6 Ba4 71.Bd5 Bc2
72.Ne5 Bf5 73.Bf7+ Kf8 74.Bg6 Bh3 75.Nd7+ Kg8 76.Ke7 Bf1 77.Nc5 Bh3 78.Ne6 Bg4
79.Bf7+ Kh7 80.Nf4 Bd1 81.Kf8 Bf3 82.Bg8+  1-0

[Event "Petrovskaya Ladya IM2"]
[Site "Peterhof RUS"]
[Date "2007.08.15"]
[Round "4"]
[White "Orlov,O2"]
[Black "Bets,A"]
[Result "0-1"]
[WhiteElo "2220"]
[BlackElo "2348"]

1.Nf3 d5 2.c4 e6 3.g3 Nf6 4.Bg2 Be7 5.O-O O-O 6.d4 dxc4 7.Qc2 a6 8.a4 Bd7
9.Qxc4 Bc6 10.Bg5 Bd5 11.Qc2 Be4 12.Qd2 Nbd7 13.Nc3 Bc6 14.Qc2 Bb4 15.Rfe1 h6
16.Bxf6 Nxf6 17.e4 Qe7 18.d5 Bd7 19.dxe6 Bxe6 20.e5 Nd5 21.Nd4 Bxc3 22.bxc3 Qc5
23.Rac1 c6 24.Kh1 Rad8 25.f4 Nc7 26.f5 Bd5 27.f6 Bxg2+ 28.Kxg2 Rfe8 29.Qf5 Ne6
30.Qg4 g6 31.Rcd1 Nxd4 32.cxd4 Qc2+ 33.Kh1 Re6 34.Qf4 Kh7 35.h4 Qxa4 36.h5 g5
37.Qe4+ Kg8 38.Rd2 Qc4 39.Kh2 Qd5 40.Qb1 c5 41.Re4 b5 42.Rg4 Rxe5  0-1

[Event "Open"]
[Site "Ptuj SLO"]
[Date "2007.08.15"]
[Round "5"]
[White "Gruskovnjak,T"]
[Black "Tomazini,A"]
[Result "1/2-1/2"]
[WhiteElo "2348"]
[BlackElo "1989"]

1.Nf3 d5 2.c4 e6 3.b3 Nf6 4.Bb2 Be7 5.g3 O-O 6.Bg2 c5 7.cxd5 exd5 8.d4 Nc6
9.O-O Be6 10.Nc3 Rc8 11.dxc5 Bxc5 12.Na4 Be7 13.Nd4 Nxd4 14.Qxd4 b6 15.Rac1 Qd7
16.Qd2 Rfd8 17.Rfd1 Ne8 18.Bd4 Bf6 19.Nb2 Bxd4 20.Qxd4 Nf6 21.Nd3 Rxc1 22.Rxc1 Rc8
23.Qe3 h6 24.Nf4 Rc6 25.h4 Rxc1+ 26.Qxc1 Qd6 27.Qd2 Qe5 28.Bf3 Ne4 29.Bxe4 Qxe4
30.Qd3 Qxd3 31.Nxd3 Kf8 32.f3 Ke7 33.Kf2 Kd6 34.Ke3 Bf5 35.Kd4 Bxd3 36.exd3 g6
37.g4 g5 38.hxg5 hxg5 39.a3 f6 40.Ke3 Ke5 41.d4+  1/2-1/2

[Event "ch-Euro IBCA"]
[Site "Durham ENG"]
[Date "2007.08.18"]
[Round "5"]
[White "Smirnov,SN"]
[Black "Gunajew,R"]
[Result "1/2-1/2"]
[WhiteElo "2201"]
[BlackElo "2249"]

1.Nf3 d5 2.c4 dxc4 3.e3 c5 4.Bxc4 e6 5.O-O Nf6 6.d4 a6 7.Bd3 Nc6 8.Nc3 cxd4
9.exd4 Be7 10.Bg5 O-O 11.Rc1 Nd5 12.Nxd5 Bxg5 13.Nxg5 Qxg5 14.Nb6 Rb8 15.Rc5 Qd8
16.Nxc8 Rxc8  1/2-1/2

[Event "Romanian Open"]
[Site "Predeal ROM"]
[Date "2007.08.18"]
[Round "9"]
[White "Nanu,C"]
[Black "Baratosi,D"]
[Result "1-0"]
[WhiteElo "2507"]
[BlackElo "2331"]

1.Nf3 d5 2.c4 c6 3.e3 Nf6 4.d4 e6 5.Nbd2 Nbd7 6.Bd3 Be7 7.O-O O-O 8.e4 dxe4
9.Nxe4 c5 10.dxc5 Nxe4 11.Bxe4 Nxc5 12.Bc2 Qxd1 13.Rxd1 a5 14.Be3 b6 15.Ne5 Ba6
16.b3 Bf6 17.f4 Rfd8 18.a3 a4 19.b4 Nb3 20.Rxd8+ Rxd8 21.Rd1 Rc8 22.b5 Bb7
23.Bxb6 g5 24.Rd7  1-0

[Event "IRT Salomao Rovedo"]
[Site "Rio de Janeiro BRA"]
[Date "2007.08.18"]
[Round "1"]
[White "Rocha,Joa"]
[Black "Chauca,J"]
[Result "0-1"]
[WhiteElo "2005"]
[BlackElo "2133"]

1.Nf3 d5 2.c4 c6 3.cxd5 cxd5 4.d4 Nc6 5.g3 Bg4 6.Bg2 e6 7.O-O Nf6 8.Bg5 Be7
9.Nc3 O-O 10.Rc1 h6 11.Bxf6 Bxf6 12.e3 Qd7 13.Qa4 Rfd8 14.h3 Bh5 15.e4 Bxf3
16.Bxf3 Nxd4 17.Kg2 Nxf3 18.Kxf3 Bxc3 19.Qxd7 Rxd7 20.Rxc3 d4 21.Rc4 e5 22.Ke2 Re8
23.Kd3 Re6 24.f4 f6 25.f5 Ra6 26.a3 Rb6 27.b4 Kf7 28.g4 Ke7 29.h4 Kd6 30.Rcc1 Rc6
31.Rxc6+ bxc6 32.Rc1 a5 33.Rc4 Ra7 34.b5 cxb5 35.Rc8 Rc7 36.Rb8 Rc3+ 37.Kd2 Rxa3
38.Rxb5 Rg3 39.g5 hxg5 40.hxg5 Rxg5 41.Rxa5 Rg3 42.Ra7 Kc5 43.Rc7+ Kd6 44.Rb7 Re3
45.Rxg7 Rxe4 46.Rf7 Rf4 47.Rxf6+ Kd5 48.Rf8 e4 49.Rd8+ Ke5 50.f6 Rf2+ 51.Ke1 Rxf6
52.Re8+ Re6 53.Ra8 e3 54.Ke2 Ke4 55.Rd8 Re7 56.Rd6 Ra7 57.Re6+ Kd5 58.Re8 Ra2+
59.Kd1 Kc4 60.Rc8+ Kd3  0-1

[Event "TCh-ESP CECLUB Norte Div 1"]
[Site "Sabadell ESP"]
[Date "2007.08.18"]
[Round "5"]
[White "Strikovic,A"]
[Black "Del Rey,D"]
[Result "0-1"]
[WhiteElo "2567"]
[BlackElo "2389"]

1.Nf3 d5 2.c4 c6 3.e3 Nf6 4.Nc3 g6 5.Be2 Bg7 6.O-O O-O 7.d4 Bg4 8.h3 Bxf3
9.Bxf3 dxc4 10.Qe2 Nbd7 11.Rd1 Qc7 12.Qxc4 e5 13.d5 Nb6 14.Qc5 Nbd7 15.Qa3 cxd5
16.Bxd5 a6 17.e4 Nb6 18.Be3 Nfxd5 19.Nxd5 Nxd5 20.Rxd5 Qc4 21.f3 Rfd8 22.Rad1 Rxd5
23.exd5 Bf8 24.d6 Rd8 25.Bc5 Rd7 26.Qe3 Qe6 27.Kh1 f6 28.b3 Kf7 29.Qd3 f5
30.Qd2 h5 31.Qb4 Kf6 32.a4 Kf7 33.a5 Ke8 34.Qb6 g5 35.Qb4 g4 36.f4 e4 37.Qc3 Bg7
38.Qe3 Bf8 39.Qc3 Bg7 40.Qg3 Bf6 41.Qe3 Bg7 42.Ba3 Kf7 43.Kg1 Bf8 44.Kf1 Bg7
45.Ke2 Bf6 46.Rc1 Qd5 47.Rc5 Qxd6 48.Qc1 Qd3+ 49.Ke1 Bh4+  0-1

[Event "Independence Cup A"]
[Site "Kyiv UKR"]
[Date "2007.08.19"]
[Round "7"]
[White "Matorin,E"]
[Black "Kernazhitsky,L"]
[Result "1-0"]
[WhiteElo "2259"]
[BlackElo "2373"]

1.Nf3 d5 2.c4 c6 3.b3 Nf6 4.g3 Bg4 5.Bb2 Nbd7 6.Bg2 e6 7.O-O Bd6 8.d4 O-O
9.Nbd2 Bxf3 10.Bxf3 Qe7 11.Rc1 Rac8 12.Rc2 e5 13.dxe5 Nxe5 14.Bg2 dxc4 15.Nxc4 Nxc4
16.Rxc4 Be5 17.Bc1 Rfd8 18.Qc2 Bd4 19.e3 Be5 20.b4 Qd7 21.a4 Qd3 22.Qxd3 Rxd3
23.b5 Nd5 24.bxc6 bxc6 25.Rc5 Bd6 26.Ra5 Rc7 27.Be4 Bb4 28.Ra6 Rc3 29.Bb2 Rc5
30.Rd1 Re7 31.Bf3 h6 32.Bd4 Rc2 33.Bxd5 cxd5 34.Bxa7 Bd2 35.Bd4 Rd7 36.Ra8+ Kh7
37.a5 Bc3 38.Rc8 Rd2 39.Rxd2 Bxd2 40.a6  1-0

[Event "Acropolis Open"]
[Site "Athens GRE"]
[Date "2007.08.21"]
[Round "8"]
[White "Goritsas,C"]
[Black "Parginos,V"]
[Result "1-0"]
[WhiteElo "2327"]
[BlackElo "2226"]

1.Nf3 d5 2.c4 e6 3.g3 Nf6 4.Bg2 Be7 5.O-O O-O 6.d4 dxc4 7.Qc2 a6 8.Qxc4 b5
9.Qc2 Bb7 10.Bg5 Nbd7 11.Bxf6 Nxf6 12.Nbd2 Ra7 13.a4 b4 14.Rac1 Qa8 15.Ne1 Bxg2
16.Nxg2 a5 17.Nb3 Nd5 18.Ne1 Nb6 19.Ra1 Qe8 20.Nd2 Bd6 21.e4 e5 22.d5 f5
23.exf5 Nxd5 24.Ne4 Kh8 25.Ng2 Ne7 26.Ne3 Nc6 27.Ng5 Nd4 28.Qe4 Qh5 29.h4 Raa8
30.Kg2 h6 31.Rh1 g6 32.g4 gxf5 33.Qxa8 Rxa8 34.gxh5 hxg5 35.hxg5 f4 36.Nc4 Rg8
37.g6 Kg7 38.Nxd6 cxd6 39.Rac1 f3+ 40.Kh3 Kh6 41.Rc7 Kxh5 42.g7 Ne2 43.Rd1 d5
44.Re7 d4 45.Rxe5+ Kg6 46.Kg4 Kf6 47.Rxa5 Rxg7+ 48.Kxf3 Ng1+ 49.Rxg1 Rxg1
50.Rb5 Re1 51.Rxb4 Ke5 52.Rb8 Kd5 53.Rd8+ Kc4 54.a5 Re6 55.b4 Kd3 56.b5 Rf6+
57.Kg2 Ke2 58.Rxd4 Rg6+ 59.Kh3 Kf3 60.Kh4  1-0

[Event "20th Open"]
[Site "Panevezys LTU"]
[Date "2007.08.21"]
[Round "5"]
[White "Kveinys,A"]
[Black "Silkus,A"]
[Result "1-0"]
[WhiteElo "2537"]
[BlackElo "1902"]

1.Nf3 d5 2.c4 d4 3.b4 g6 4.Bb2 Bg7 5.d3 Nh6 6.g3 O-O 7.Bg2 e5 8.O-O Qe7 9.a3 a5
10.Nbd2 axb4 11.axb4 Rxa1 12.Qxa1 Rd8 13.Rb1 Nd7 14.Bc1 b5 15.cxb5 Nb6 16.Ne4 Be6
17.Qb2 Bd7 18.Qc2 Nd5 19.Qc5 Qxc5 20.Nxc5 Nc3 21.Rb2 Nf5 22.Nxd7 Rxd7 23.Ng5 Nd6
24.Bc6 Rd8 25.Ne4 Ndxb5 26.Bxb5 Nxb5 27.Rc2 Bf8 28.Bg5 Ra8 29.Nf6+ Kg7 30.Nd7 Bxb4
31.Bf6+ Kg8 32.Bxe5 Bc3 33.Nf6+ Kf8 34.Rc1 h5 35.Kf1 Ra2 36.Nd5 c6 37.Nxc3 Nxc3
38.Bxd4 Nxe2 39.Bc5+ Kg8 40.Rc4 f5 41.Be3 h4 42.Rxh4 Nc3 43.Rc4 Nd5 44.Rxc6 Nxe3+
45.fxe3 Rxh2 46.Rxg6+ Kf7 47.Rc6 Rb2 48.Rc4 Rd2 49.Rf4 Kg6 50.d4 Kg5 51.Rf2 Rd3
52.Ke2 Ra3 53.Rf4  1-0

[Event "TCh-ESP CECLUB Sur Div 1"]
[Site "Burguillos ESP"]
[Date "2007.08.22"]
[Round "1"]
[White "Barrero Garcia,C"]
[Black "Alcaraz Pacheco,I"]
[Result "1-0"]
[WhiteElo "2297"]
[BlackElo "2019"]

1.Nf3 d5 2.c4 c6 3.d4 Nf6 4.e3 Bf5 5.Nc3 a6 6.Qb3 Ra7 7.cxd5 cxd5 8.Ne5 Nc6
9.Be2 e6 10.g4 Nxe5 11.dxe5 Nxg4 12.Bxg4 Bxg4 13.Qa4+ b5 14.Qxg4 Qc7 15.f4 b4
16.Ne2 h5 17.Qg2 Qc2 18.O-O Rh6 19.Nd4 Qd3 20.Qc2 Rg6+ 21.Kf2 Qxc2+ 22.Nxc2 Be7
23.Bd2 Rc7 24.Rac1 a5 25.Nd4 Rb7 26.Rc8+ Kd7 27.Rfc1 Bd8 28.R8c6 Be7 29.Ra6 Bd8
30.Rd6+  1-0

[Event "TCh-ESP CECLUB Sur Div 1"]
[Site "Burguillos ESP"]
[Date "2007.08.22"]
[Round "1"]
[White "Villavicencio Martinez,C"]
[Black "Huerga Leache,M"]
[Result "0-1"]
[WhiteElo "2184"]
[BlackElo "2370"]

1.Nf3 d5 2.c4 c6 3.g3 Nf6 4.Bg2 dxc4 5.Qc2 b5 6.a4 Bb7 7.b3 cxb3 8.Qxb3 a6
9.Ba3 Nd5 10.O-O Nd7 11.e4 N5b6 12.Nc3 e6 13.Bxf8 Kxf8 14.d4 Qe7 15.Rfc1 g6
16.d5 Nc5 17.Qb4 Nbd7 18.dxc6 Bxc6 19.axb5 axb5 20.Rxa8+ Bxa8 21.Qxb5 Kg7
22.Qb4 Rb8 23.Qa3 Qf6 24.e5 Qd8 25.Rd1 Bxf3 26.Bxf3 Qc7 27.Ne4 Rb3 28.Rxd7 Qxd7
29.Nxc5 Rxa3 30.Nxd7 Rxf3 31.Kg2 Rd3 32.Nf6 g5 33.h4 gxh4 34.gxh4 Ra3 35.f3 Ra5
36.f4 Ra3 37.h5 Kh6 38.Kf2 Rh3  0-1

[Event "15th Open"]
[Site "Nikea GRE"]
[Date "2007.08.23"]
[Round "1"]
[White "Michelakos,P"]
[Black "Draci,R"]
[Result "1/2-1/2"]
[WhiteElo "1888"]
[BlackElo "2228"]

1.Nf3 d5 2.c4 e6 3.g3 Nf6 4.Bg2 Be7 5.O-O O-O 6.d4 c6 7.Nc3 Nbd7 8.Bf4 Re8
9.Qc2 Nh5 10.Kh1 Nf8 11.Bd2 Ng6 12.Rad1 Bd7 13.e4 dxe4 14.Nxe4 Qc7 15.Bc3 Nf6
16.Ne5 Rad8 17.f4 Bc8 18.b4 Nf8 19.Ng5 Bd7 20.Ngxf7 Rc8 21.Ng5 b5 22.c5 Nd5
23.Rde1 Bf6 24.Ne4 Ra8 25.Nd6 Reb8 26.Be4 a5 27.Bxd5 exd5 28.a3 axb4 29.axb4 Bh3
30.Rf2 Ra3 31.g4 Bxe5 32.fxe5 Bxg4 33.Rf7 Qd8 34.Rg1 Qh4 35.Be1 Qh5 36.Qg2 Qxf7
37.Nxf7 Bf3 38.Nh6+  1/2-1/2

[Event "XIX Open"]
[Site "Porto San Giorgio ITA"]
[Date "2007.08.23"]
[Round "3"]
[White "Csala,Im"]
[Black "Popchev,M"]
[Result "0-1"]
[WhiteElo "2273"]
[BlackElo "2456"]

1.Nf3 d5 2.c4 c6 3.b3 Bf5 4.Bb2 e6 5.e3 Nf6 6.Be2 Nbd7 7.O-O Bd6 8.cxd5 exd5
9.d3 O-O 10.Nbd2 Re8 11.Re1 a5 12.a3 Nc5 13.Qc2 h6 14.h3 Bg6 15.Bf1 Qe7 16.Qc3 Ncd7
17.e4 dxe4 18.dxe4 Bc5 19.Re2 Qf8 20.e5 Nd5 21.Qc4 Qe7 22.Ne4 Nf4 23.Ree1 Bxe4
24.Rxe4 Ne6 25.b4 axb4 26.axb4 Rxa1 27.Bxa1 Ra8 28.Bc3 Nb6 29.Qe2 Nd5 30.Be1 Nxb4
31.Bxb4 Bxb4 32.Qb2 Bc5 33.Bc4 b5 34.Ba2 Bb6 35.Bb1 Qa3 36.Qc2 Qc5 37.Qb2 Ra4
38.Re2 Kf8 39.Ba2 Rb4 40.Bb3 Qe7 41.Qa3 Bc5 42.Qa2 Ba7 43.Rd2 Nd4 44.Nxd4 Rxd4
45.Re2 c5 46.Qb1 c4 47.Qh7 Qe6 48.Bc2 Rf4 49.Qh8+ Ke7 50.Qg8 b4 51.Ba4 Rd4
52.Bb5 c3 53.Ra2 Bb8 54.Ra8 Rd1+  0-1

[Event "TCh-ESP CECLUB Sur Div 1"]
[Site "Burguillos ESP"]
[Date "2007.08.24"]
[Round "4"]
[White "Mirzoev,A"]
[Black "Martinez Martin,D"]
[Result "1-0"]
[WhiteElo "2551"]
[BlackElo "2411"]

1.Nf3 d5 2.c4 c6 3.b3 Bf5 4.Bb2 e6 5.g3 Nf6 6.Bg2 h6 7.O-O Be7 8.d3 O-O 9.Nbd2 a5
10.Qc2 Na6 11.a3 Bh7 12.Rac1 Qb6 13.Qb1 Rfd8 14.Qa1 Rac8 15.Bc3 c5 16.cxd5 exd5
17.Bh3 Ra8 18.Nh4 d4 19.Nc4 Qxb3 20.Bxa5 Re8 21.Rb1 Qa4 22.Rxb7 Be4 23.dxe4 Qxc4
24.e5 Ne4 25.Bg2 Bxh4 26.Bxe4 Rxe5 27.Qb1 Bf6 28.Rb6 Rae8 29.Bd3 Qa4 30.Rxa6 c4
31.Qb4 Qxb4 32.axb4 cxd3 33.exd3 Rb5 34.Rb6 Rf5 35.Kg2 Re2 36.Rb8+ Kh7 37.Bc7 Rb2
38.g4 Rg5 39.h3 Be7 40.Bf4 Rd5 41.Rb7 Bxb4 42.Rxf7 Bd2 43.Bg3 Ra5 44.Rd7 Bc3
45.Rd1 Kg6 46.h4 Kf6 47.h5 Rg5 48.Kf3 Ke6 49.Ra7 Rb3 50.Bf4 Ra5 51.Rxg7 Ra2
52.Rg6+  1-0

[Event "1st Serbian League Women"]
[Site "Zlatibor SRB"]
[Date "2007.08.24"]
[Round "4"]
[White "Jovanovic,V"]
[Black "Djukic,Sa"]
[Result "1/2-1/2"]
[WhiteElo "2090"]
[BlackElo "2153"]

1.Nf3 d5 2.c4 c6 3.e3 Nf6 4.Nc3 g6 5.h3 Bg7 6.d4 O-O 7.Bd3 dxc4 8.Bxc4 b5
9.Bd3 a6 10.O-O Bb7 11.a4 b4 12.Ne4 Nxe4 13.Bxe4 a5 14.Qc2 Nd7 15.b3 Rc8
16.Nd2 e5 17.Bb2 exd4 18.exd4 Nb6 19.Rfd1 Re8 20.Bf3 f5 21.Qc5 Nd7 22.Qd6 Bf8
23.Qf4 Nb6 24.d5 Nxd5 25.Bxd5+ Qxd5 26.Nc4 Qe4 27.Qxe4 fxe4 28.Rd7 Ba6 29.Nxa5 Re7
30.Rad1 Bd3 31.Rxe7 Bxe7 32.Rc1 c5 33.Bd4 Ra8 34.Bxc5 Bg5 35.Ra1 Rxa5 36.Bxb4 Ra8
37.Bc5 Bc2 38.Ra3 Kf7 39.a5 Ke6 40.a6 Bd3 41.a7 Be7 42.Bxe7 Kxe7 43.b4 Kd6
44.f3 Kc6 45.fxe4 Bxe4 46.Ra6+ Kb5 47.Re6 Bb7 48.Re7 Rxa7 49.Rxh7 Ra1+ 50.Kh2 Bd5
51.Rg7 Ra6 52.h4 Kxb4 53.g4 Kc4 54.h5 gxh5 55.gxh5 Rh6 56.Rg5 Bf7 57.Rg4+ Kd5
58.Rh4 Bxh5 59.Kh3 Ke5 60.Kh2 Kf5 61.Rb4 Bg4+ 62.Kg2 Kg5 63.Kf2 Re6 64.Rb5+ Kh4
65.Rb4 Re2+ 66.Kf1 Ra2 67.Rb3 Kg5 68.Rb4 Kf5 69.Ke1 Bf3 70.Rd4 Be4 71.Rd2 Ra1+
72.Rd1 Ra2 73.Rd2 Ra3 74.Rf2+ Ke5 75.Rf8 Ra2 76.Re8+ Kd4 77.Kd1 Ke3 78.Kc1 Kd4
79.Rd8+ Bd5 80.Kb1 Rf2 81.Kc1 Kc3 82.Rxd5  1/2-1/2

[Event "Dato Arthur Tan Malaysian Op"]
[Site "Kuala Lumpur MAS"]
[Date "2007.08.26"]
[Round "11"]
[White "Lim Yee Weng"]
[Black "Wallis,C"]
[Result "1-0"]
[WhiteElo "2336"]
[BlackElo "2238"]

1.Nf3 d5 2.c4 d4 3.e3 Nc6 4.d3 e5 5.a3 a5 6.g3 Nf6 7.Bg2 dxe3 8.Bxe3 Ng4
9.O-O Nxe3 10.fxe3 Bc5 11.Qe2 O-O 12.Nc3 Bg4 13.Rad1 f5 14.Kh1 Qe8 15.Qc2 Qh5
16.Rde1 f4 17.exf4 exf4 18.Ne2 fxg3 19.Nxg3 Qh6 20.Re4 Bxf3 21.Bxf3 Nd4 22.Qd1 Nxf3
23.Rxf3 Rxf3 24.Qxf3 Rf8 25.Qg4 Qc1+ 26.Kg2 Qxb2+ 27.Kh3 Qxa3 28.d4 Bd6 29.c5 Bxg3
30.hxg3 Qd3 31.Qe6+ Kh8 32.Qf7 Rg8 33.Re8 Qf1+ 34.Qxf1 Rxe8 35.Qf7  1-0

[Event "Kalamaria Open"]
[Site "Thessaloniki GRE"]
[Date "2007.08.26"]
[Round "3"]
[White "Nikolaou,G"]
[Black "Stocek,J"]
[Result "0-1"]
[WhiteElo "2257"]
[BlackElo "2572"]

1.Nf3 d5 2.c4 dxc4 3.g3 Nc6 4.Na3 e5 5.Qa4 Bxa3 6.Qxa3 e4 7.Nh4 Nf6 8.Ng2 Nd5
9.Qa4 Be6 10.Qxc4 Ndb4 11.Qxe4 Qd4 12.Qb1 Qc5 13.Ne3 Nd4 14.Kd1 Nxa2 15.Rxa2 Bb3+
16.Ke1 Bxa2  0-1

[Event "1st Serbian League Women"]
[Site "Zlatibor SRB"]
[Date "2007.08.26"]
[Round "6"]
[White "Jovanovic,V"]
[Black "Paramentic,M"]
[Result "1-0"]
[WhiteElo "2090"]
[BlackElo "1987"]

1.Nf3 d5 2.c4 e6 3.g3 Nf6 4.Bg2 Be7 5.O-O O-O 6.d4 c5 7.dxc5 Bxc5 8.a3 dxc4
9.Qc2 a6 10.Ne5 Nbd7 11.Nxc4 e5 12.e3 Re8 13.b4 Bf8 14.Bb2 Rb8 15.Na5 Bd6
16.Nd2 Qc7 17.Qd3 Bf8 18.Rac1 Qd6 19.Qe2 Nb6 20.Ndc4 Nxc4 21.Nxc4 Qe6 22.Nxe5 b5
23.Nc6 Rb6 24.Bd4 Rb7 25.Na7 Rb8 26.Rc6 Qf5 27.Bxf6 gxf6 28.Nxc8 Rexc8 29.Rxa6 Rc3
30.Ra7 Rbc8 31.Ra5 R8c4 32.Qf3 Qe5 33.Qd5 Qxd5 34.Bxd5 Rc7 35.Ra1 Bd6 36.Rxb5 Be5
37.Ra2 Kg7 38.Rb7 Bd6 39.Rxc7 Rxc7 40.b5 Rc1+ 41.Kg2 Rb1 42.a4 Bc7 43.Rc2 Ba5
44.Rc6 Rb2 45.Ra6 Be1 46.b6 Bxf2 47.Kf3 Bg1 48.b7 Rf2+ 49.Ke4 f5+ 50.Kd3 Rb2
51.Ra8 Bxh2 52.b8=Q Rxb8 53.Rxb8 Bxg3 54.Rb7 h5 55.Rxf7+  1-0

[Event "ch-ISL"]
[Site "Reykjavik ISL"]
[Date "2007.08.29"]
[Round "2"]
[White "Johannesson,I"]
[Black "Kjartansson,D"]
[Result "1-0"]
[WhiteElo "2344"]
[BlackElo "2324"]

1.Nf3 d5 2.c4 dxc4 3.Na3 Nf6 4.Nxc4 e6 5.g3 Be7 6.Bg2 O-O 7.O-O c5 8.b3 Nc6
9.Bb2 Nd5 10.Rc1 b6 11.d4 cxd4 12.Nxd4 Nxd4 13.Qxd4 Bf6 14.Qd2 b5 15.Bxf6 gxf6
16.Na5 Kg7 17.Rfd1 Bd7 18.Nb7 Qb6 19.e4 Qxb7 20.exd5 Qa6 21.dxe6 Bxe6 22.Bxa8 Rxa8
23.Rc5 Bg4 24.Rf1 Re8 25.f3 Bh3 26.Rfc1 Qb6 27.b4 Qe6 28.g4 Rd8 29.Qf2 Qd6
30.Qe3 Qd2 31.Qxd2 Rxd2 32.R1c2 Rd1+ 33.Kf2 h5 34.Rxh5 Bf1 35.Rhc5 Bc4 36.Rc7 Rb1
37.a3 a6 38.Rc3 Kg6 39.h4 f5 40.Rc6+  1-0

[Event "15th Open"]
[Site "Nikea GRE"]
[Date "2007.08.30"]
[Round "9"]
[White "Khetsuriani,B"]
[Black "Soultatis,K"]
[Result "0-1"]
[WhiteElo "2367"]
[BlackElo "2140"]

1.Nf3 d5 2.c4 e6 3.g3 Nf6 4.Bg2 Be7 5.O-O O-O 6.b3 b6 7.d4 Bb7 8.cxd5 Nxd5
9.Bb2 Nd7 10.Nbd2 a5 11.Nc4 a4 12.bxa4 Bc6 13.a5 Bb5 14.Qb3 Bxc4 15.Qxc4 Rxa5
16.e4 b5 17.Qb3 N5b6 18.Rfd1 Qa8 19.Nd2 e5 20.dxe5 Nc5 21.Qc2 Rxa2 22.Nb3 Nc4
23.Nxc5 Bxc5 24.Qb1 Bxf2+ 25.Kh1 Rxa1 26.Bxa1 Rd8  0-1

[Event "1st Serbian League Women"]
[Site "Zlatibor SRB"]
[Date "2007.08.30"]
[Round "10"]
[White "Olarasu,G"]
[Black "Nikolic,Mila"]
[Result "1-0"]
[WhiteElo "2283"]
[BlackElo "1987"]

1.Nf3 d5 2.c4 e6 3.g3 c6 4.Qc2 f5 5.Bg2 Nf6 6.O-O Be7 7.d3 O-O 8.b3 Nbd7
9.Bb2 Ng4 10.e4 Ndf6 11.e5 Nh5 12.Qe2 Qe8 13.h3 Nh6 14.Nc3 g5 15.Nh2 Bc5
16.Kh1 Qg6 17.Na4 Be7 18.Bf3 Ng7 19.d4 Bd7 20.Nc5 Bc8 21.a4 b6 22.Nd3 Ba6
23.Rfc1 Rac8 24.a5 b5 25.cxd5 cxd5 26.Nc5 Bxc5 27.Rxc5 Rxc5 28.dxc5 Rc8 29.b4 Qe8
30.Qd2 Nf7 31.Be2 Qc6 32.Bd4 h6 33.f4 Kf8 34.Nf3 g4 35.hxg4 fxg4 36.Nh4 h5
37.Qc2 Nh6 38.Bd3 Qd7 39.f5 exf5 40.Rf1 Ke8 41.Nxf5 Nhxf5 42.Bxf5 Ne6 43.Bxe6  1-0

[Event "1st Serbian League Women"]
[Site "Zlatibor SRB"]
[Date "2007.08.31"]
[Round "11"]
[White "Jovanovic,V"]
[Black "Olarasu,G"]
[Result "1/2-1/2"]
[WhiteElo "2090"]
[BlackElo "2283"]

1.Nf3 d5 2.c4 d4 3.g3 g6 4.b4 Bg7 5.d3 e5 6.Bg2 Ne7 7.O-O O-O 8.Nbd2 a5 9.bxa5 Nec6
10.Nb3 Nxa5 11.Nxa5 Rxa5 12.Nd2 Ra7 13.a4 Bd7 14.a5 Bc6 15.Ne4 h6 16.Ba3 Re8
17.Qb3 Nd7 18.Nc5 Bxg2 19.Kxg2 b6 20.Nxd7 Qxd7 21.axb6 Qc6+ 22.f3 Rb7 23.Rfb1 Rxb6
24.Qc2 Reb8 25.Rxb6 Rxb6 26.Rb1 Bf8 27.Bc1 Kh7 28.Rxb6 Qxb6 29.Qb2 Qd6 30.Qb8 Qe7
31.Bd2 Qc5 32.Qe8 Kg7  1/2-1/2

[Event "1st Serbian League Men"]
[Site "Zlatibor SRB"]
[Date "2007.09.01"]
[Round "11"]
[White "Arsovic,Z"]
[Black "Mihalj,M"]
[Result "1/2-1/2"]
[WhiteElo "2451"]
[BlackElo "2323"]

1.Nf3 d5 2.c4 dxc4 3.e3 Be6 4.Na3 Nf6 5.Nxc4 Bd5 6.b3 e6 7.Bb2 Be7 8.Be2 O-O
9.O-O c5 10.d3 b5 11.Ncd2 Bb7 12.Qc2 Nbd7 13.Rac1 Qb6 14.Qb1 Rac8 15.a3 a6
16.Qa1 Rfd8 17.Rc2 Bf8 18.Rfc1 Nd5 19.Bf1 Qa7 20.g3 Qa8 21.Bg2 h6 22.h3 Qb8
23.Re1 Qa8 24.Rcc1 Qb8 25.e4 Ne7 26.Qb1 Qa8  1/2-1/2

[Event "12th ch-Asia w"]
[Site "Tehran IRI"]
[Date "2007.09.08"]
[Round "6"]
[White "Navabi,S"]
[Black "Mongontuul,B"]
[Result "0-1"]
[WhiteElo "2121"]
[BlackElo "2405"]

1.Nf3 d5 2.c4 c6 3.Qc2 Nf6 4.d4 dxc4 5.Qxc4 Bf5 6.g3 e6 7.Bg2 Be7 8.Nc3 O-O
9.O-O Nbd7 10.e3 h6 11.h3 Rc8 12.Qe2 Ne4 13.Rd1 Qa5 14.Bd2 Bb4 15.Nb1 c5
16.a3 Bxd2 17.Nbxd2 Nxd2 18.Rxd2 c4 19.e4 Bh7 20.Rc1 c3 21.Rxc3 Rxc3 22.bxc3 Qxc3
23.Rd3 Qc1+ 24.Ne1 Nf6 25.f3 Rc8 26.Bf1 Qg5 27.Kh2 Qc1 28.Kg1 Bg6 29.Qd1 Qg5
30.f4 Qa5 31.f5 exf5 32.e5 Nd5 33.Rb3 a6 34.Bd3 Bh5 35.Nc2 Bxd1  0-1

[Event "4th LGA Premium Cup"]
[Site "Nuernberg GER"]
[Date "2007.09.09"]
[Round "7"]
[White "Hirschberg,V"]
[Black "Maier,Al"]
[Result "1/2-1/2"]
[WhiteElo "2026"]
[BlackElo "2315"]

1.Nf3 d5 2.c4 c6 3.g3 Nf6 4.Bg2 dxc4 5.a4 Qa5 6.Na3 Be6 7.Qc2 Na6 8.Nxc4 Nb4
9.Qc3 Qc5 10.Ne3 Ne4 11.Qxc5 Nxc5 12.Nd4 Bb3 13.d3 e5 14.Nxb3 Nxb3 15.Rb1  1/2-1/2

[Event "3rd Geller mem Open A"]
[Site "Odessa UKR"]
[Date "2007.09.10"]
[Round "3"]
[White "Mamedov,A"]
[Black "Garifulin,A"]
[Result "1/2-1/2"]
[WhiteElo "2083"]
[BlackElo "2328"]

1.Nf3 d5 2.c4 c6 3.d4 Nf6 4.Nc3 dxc4 5.a4 Bf5 6.Ne5 e6 7.f3 c5 8.e4 Bg6 9.Bxc4 cxd4
10.Bb5+ Nbd7 11.Bg5 Be7 12.Qxd4 a6 13.Bxf6 axb5 14.Bxe7 Qxe7 15.Nxd7 Qxd7
16.Qxg7 Ke7 17.Nxb5 Qd3 18.Qc3 Rhd8 19.Qxd3 Rxd3 20.O-O Rb3 21.Rfc1 Kf6 22.Nc7 Ra5
23.Rc2 b5 24.Ra3 Rxa3 25.bxa3 bxa4 26.Kf2 Ke7 27.Ke3 f5 28.Rc6 fxe4 29.fxe4 Kd7
30.Rc4 Kd6 31.Kf4 Bf7 32.e5+ Kd7 33.Ke4 Bg6+ 34.Kd4 Bf5 35.h3 h5 36.Kc3 Rxe5
37.g4 hxg4 38.hxg4 Bxg4  1/2-1/2